[Event "Int. Stuttgarter Stadtmeisterschaft A"]
[Site "Ditzingen"]
[Date "2018.05.10"]
[Round "1.1"]
[White "Huels, Marco"]
[Black "Turov, Maxim"]
[Result "0-1"]
[WhiteElo "2010"]
[BlackElo "2602"]
[PlyCount "50"]
[EventDate "2018.??.??"]
[WhiteTeam "SV Mattnetz Berlin"]

1. e4 c5 2. c3 Nf6 3. e5 Nd5 4. d4 cxd4 5. Nf3 d6 6. cxd4 e6 7. Bc4 Nb6 8. Bb3
Nc6 9. O-O Be7 10. Nc3 d5 11. Bc2 Bd7 12. a3 a6 13. Re1 g5 14. h3 h5 15. Nh2
Qc7 16. Na4 O-O-O 17. b4 Kb8 18. Nc5 Nc4 19. Rb1 Bc8 20. b5 axb5 21. Rxb5 b6
22. Bb3 Nxd4 23. Qxd4 Bxc5 24. Qc3 Ba6 25. Bxc4 Bxb5 0-1

[Event "Int. Stuttgarter Stadtmeisterschaft A"]
[Site "Ditzingen"]
[Date "2018.05.10"]
[Round "1.2"]
[White "Kryakvin, Dmitry"]
[Black "Döserich, Jürgen"]
[Result "1-0"]
[WhiteElo "2573"]
[BlackElo "2010"]
[PlyCount "67"]
[EventDate "2018.??.??"]
[BlackTeam "Schw. Pumpe Freiburg"]

1. d4 d5 2. c4 e6 3. Nf3 c6 4. Nbd2 Nf6 5. g3 Nbd7 6. Bg2 Be7 7. O-O O-O 8. Qc2
b6 9. e4 Bb7 10. e5 Ne8 11. cxd5 cxd5 12. Qa4 Rc8 13. Re1 Qc7 14. Bf1 a6 15.
Bd3 b5 16. Qd1 h6 17. Nf1 Qb6 18. Bf4 f5 19. h4 Nb8 20. Ne3 Nc6 21. Ng2 Nxd4
22. Nxd4 Qxd4 23. Bxf5 Qxd1 24. Bxe6+ Kh8 25. Raxd1 Rc2 26. Bxd5 Bxd5 27. Rxd5
Rxb2 28. Rd2 Rxd2 29. Bxd2 Bc5 30. Nf4 Kh7 31. Re2 Ba3 32. Ba5 g6 33. Rd2 Rf7
34. e6 1-0

[Event "Int. Stuttgarter Stadtmeisterschaft A"]
[Site "Ditzingen"]
[Date "2018.05.10"]
[Round "1.3"]
[White "Steinhart, Christoph"]
[Black "Ikonnikov, Vyacheslav"]
[Result "0-1"]
[WhiteElo "1985"]
[BlackElo "2541"]
[PlyCount "62"]
[EventDate "2018.??.??"]
[WhiteTeam "TSV Schönaich"]

1. e4 c5 2. c4 d6 3. Nc3 Nc6 4. d3 g6 5. g3 Bg7 6. Bg2 Nf6 7. Nge2 Rb8 8. O-O
O-O 9. f4 a6 10. a4 Ne8 11. f5 Nc7 12. g4 b5 13. axb5 axb5 14. cxb5 Nxb5 15.
Nxb5 Rxb5 16. Nc3 Rb8 17. g5 Nd4 18. Ne2 gxf5 19. Nxd4 Bxd4+ 20. Kh1 fxe4 21.
Bxe4 Bb7 22. Rf4 Qd7 23. Qh5 Bxe4+ 24. dxe4 Qe6 25. Rh4 Qg6 26. Qe2 Rb3 27. Ra7
Re8 28. Qd1 Qe6 29. Qh5 Qc4 30. Qd1 Rd3 31. Qf1 Qc2 0-1

[Event "Int. Stuttgarter Stadtmeisterschaft A"]
[Site "Ditzingen"]
[Date "2018.05.10"]
[Round "1.4"]
[White "Maiorov, Nikita"]
[Black "Hoeschele, Hans-Ulrich"]
[Result "1-0"]
[WhiteElo "2532"]
[BlackElo "1994"]
[PlyCount "41"]
[EventDate "2018.??.??"]
[BlackTeam "Stuttgarter SF"]

1. d4 Nf6 2. c4 e6 3. Nf3 d5 4. Nc3 c6 5. e3 Nbd7 6. Qc2 Bd6 7. Bd3 dxc4 8.
Bxc4 b5 9. Be2 Bb7 10. O-O a6 11. e4 Be7 12. e5 Nd5 13. Nxd5 cxd5 14. Bd3 Rc8
15. Qb1 h6 16. Bd2 Qb6 17. a4 bxa4 18. Rxa4 Nb8 19. Ba5 Qb3 20. Ra2 Nc6 21. Bd2
1-0

[Event "Int. Stuttgarter Stadtmeisterschaft A"]
[Site "Ditzingen"]
[Date "2018.05.10"]
[Round "1.5"]
[White "Gheng, Simona"]
[Black "Zuferi, Enis"]
[Result "0-1"]
[WhiteElo "1974"]
[BlackElo "2342"]
[PlyCount "100"]
[EventDate "2018.??.??"]
[WhiteTeam "SF Deizisau"]
[BlackTeam "Heilbronner SV"]

1. e4 c5 2. c4 Nc6 3. Nc3 g6 4. g3 Bg7 5. Bg2 d6 6. Nge2 e6 7. d3 Nge7 8. O-O
O-O 9. a3 Nd4 10. Rb1 Bd7 11. Nxd4 cxd4 12. Ne2 Rc8 13. f4 b6 14. b3 f5 15. Bb2
e5 16. a4 Be6 17. Ba3 Qd7 18. Qe1 Rf7 19. Qb4 fxe4 20. Bxe4 Nf5 21. Bxf5 Bxf5
22. Rbd1 Bf8 23. Qb5 Qb7 24. Qd5 Qxd5 25. cxd5 Rc2 26. Nc1 Bh3 27. Rf2 Rfc7 28.
Re1 Rxf2 29. Kxf2 Rc2+ 30. Re2 Rxe2+ 31. Nxe2 Bf5 32. Nc1 Kf7 33. Kf3 h5 34.
Ke2 Bg4+ 35. Kf2 Bd1 36. Bb4 a5 37. Bd2 Kf6 38. h3 Kf5 39. h4 Bh6 40. Ke1 Bf3
41. b4 axb4 42. Bxb4 exf4 43. Bxd6 fxg3 44. Ne2 Bxe2 45. Kxe2 Kg4 46. Be5 Be3
47. d6 g2 48. Bh2 Kh3 49. Bg1 Bxg1 50. d7 Be3 0-1

[Event "Int. Stuttgarter Stadtmeisterschaft A"]
[Site "Ditzingen"]
[Date "2018.05.10"]
[Round "1.6"]
[White "Reuss, Andreas"]
[Black "Scheynin, Julia"]
[Result "1-0"]
[WhiteElo "2346"]
[BlackElo "1986"]
[PlyCount "57"]
[EventDate "2018.??.??"]
[BlackTeam "Karlsruher SF"]

1. e4 e6 2. d4 d5 3. Nc3 Nf6 4. Bg5 Be7 5. e5 Nfd7 6. h4 h6 7. Bxe7 Qxe7 8. Nb5
Qd8 9. Qg4 O-O 10. Rh3 Kh8 11. Rg3 g6 12. Bd3 Rg8 13. Rf3 Kg7 14. Nh3 Nc6 15.
c3 a6 16. Na3 b5 17. Nc2 Qe7 18. O-O-O b4 19. Re1 bxc3 20. bxc3 a5 21. Nf4 g5
22. hxg5 hxg5 23. Rh1 Ndxe5 24. dxe5 Nxe5 25. Qh5 Kf8 26. Ng6+ Nxg6 27. Bxg6 f5
28. Re1 Qg7 29. Rxf5+ 1-0

[Event "Int. Stuttgarter Stadtmeisterschaft A"]
[Site "Ditzingen"]
[Date "2018.05.10"]
[Round "1.7"]
[White "Schuster, Gerhard"]
[Black "Koepke, Christian"]
[Result "0-1"]
[WhiteElo "1982"]
[BlackElo "2328"]
[PlyCount "106"]
[EventDate "2018.??.??"]
[WhiteTeam "SC Feuerbach"]
[BlackTeam "SC Garching"]

1. e4 c5 2. Nf3 Nc6 3. Bb5 d6 4. O-O Bd7 5. c3 Nf6 6. Re1 a6 7. Ba4 c4 8. h3 e5
9. Bc2 Be7 10. b3 cxb3 11. axb3 Rc8 12. b4 O-O 13. Bb3 a5 14. b5 Nb8 15. Qe2 h6
16. d4 Qc7 17. Ba3 a4 18. Bxa4 Rfe8 19. Bb3 Bf8 20. Qa2 Bxb5 21. dxe5 dxe5 22.
Bxf8 Rxf8 23. Qa5 Qc5 24. c4 Bxc4 25. Qxc5 Rxc5 26. Bxc4 Rxc4 27. Nbd2 Rc7 28.
Rab1 Nfd7 29. Rb5 f6 30. Nh4 Rd8 31. Ndf3 Nf8 32. Reb1 Rdd7 33. Nf5 Nc6 34. Rd5
Ne7 35. Nxe7+ Rxe7 36. Rd8 Red7 37. Rb8 Kf7 38. h4 Ne6 39. g3 h5 40. Kf1 Nc5
41. Re1 Nb3 42. Kg2 Rc3 43. Rh8 Kg6 44. Rb8 Nc5 45. Rf8 Rc4 46. g4 hxg4 47. h5+
Kxh5 48. Rh1+ Kg6 49. Nh4+ Kg5 50. Nf5 Nxe4 51. Ne3 Rc3 52. Rg1 Rd2 53. Nxg4
Kxg4 0-1

[Event "Int. Stuttgarter Stadtmeisterschaft A"]
[Site "Ditzingen"]
[Date "2018.05.10"]
[Round "1.8"]
[White "Ortmann, David"]
[Black "Poysti, Nathanael"]
[Result "1-0"]
[WhiteElo "2322"]
[BlackElo "1977"]
[PlyCount "73"]
[EventDate "2018.??.??"]
[WhiteTeam "SC Böblingen"]

1. Nf3 Nf6 2. c4 c5 3. Nc3 b6 4. g3 Bb7 5. Bg2 g6 6. O-O Bg7 7. d4 cxd4 8. Qxd4
Na6 9. Be3 O-O 10. Qh4 Nc5 11. Rfd1 Rc8 12. Rac1 Re8 13. b3 d6 14. Bh6 Bh8 15.
Bh3 Rb8 16. Ng5 Bc8 17. Bg2 a6 18. e4 Qc7 19. b4 Ne6 20. Nd5 Qa7 21. Nxe6 Bxe6
22. Bg5 Bxd5 23. cxd5 b5 24. Be3 Qa8 25. e5 dxe5 26. d6 e4 27. Bg5 Rb6 28. d7
Rd8 29. Bxe4 Qb8 30. Bc6 Qc7 31. Bg2 Qb8 32. Bh3 Qa8 33. Rc8 Rb8 34. Qf4 Rbxc8
35. dxc8=Q Rxc8 36. Bxc8 Qxc8 37. Qd4 1-0

[Event "Int. Stuttgarter Stadtmeisterschaft A"]
[Site "Ditzingen"]
[Date "2018.05.10"]
[Round "1.9"]
[White "Schiegg, Peter"]
[Black "Kabisch, Thilo"]
[Result "0-1"]
[WhiteElo "1975"]
[BlackElo "2315"]
[PlyCount "86"]
[EventDate "2018.??.??"]
[WhiteTeam "SF Bad Grönenbach"]
[BlackTeam "SK Schmiden/Cannstatt"]

1. d4 Nf6 2. Nf3 d6 3. c4 g6 4. Nc3 Bg7 5. e4 O-O 6. Be2 c5 7. dxc5 dxc5 8. O-O
Nc6 9. Bf4 Bg4 10. Re1 Nd7 11. Qc1 Bxf3 12. gxf3 Nde5 13. Rb1 Nd4 14. Kg2 b6
15. Be3 Nxe2 16. Rxe2 Nxc4 17. Bg5 Qd3 18. Qd1 Nxb2 19. Rbxb2 Qxc3 20. Bxe7
Rfe8 21. Bh4 Bf6 22. Rb3 Qa1 23. Rb1 Qe5 24. Bg3 Qe6 25. Qa4 Red8 26. Bc7 Rd4
27. Qa6 Qc8 28. Qxc8+ Rxc8 29. Bf4 c4 30. Rc2 c3 31. Be3 Rdc4 32. Rb3 Kg7 33.
Kf1 g5 34. Rb5 h6 35. Rd5 Rd8 36. Rb5 Re8 37. Ke2 Re5 38. Rb3 Ra5 39. Bd2 b5
40. Bxc3 Bxc3 41. Rbxc3 Rxc3 42. Rxc3 Rxa2+ 43. Ke3 b4 0-1

[Event "Int. Stuttgarter Stadtmeisterschaft A"]
[Site "Ditzingen"]
[Date "2018.05.10"]
[Round "1.10"]
[White "Pogan, Nikolas"]
[Black "Schmitz, Nico"]
[Result "1-0"]
[WhiteElo "2223"]
[BlackElo "1969"]
[PlyCount "113"]
[EventDate "2018.??.??"]
[WhiteTeam "Heilbronner SV"]
[BlackTeam "SF Konz-Karthaus"]

1. d4 Nf6 2. Nf3 g6 3. g3 Bg7 4. Bg2 d5 5. O-O O-O 6. a4 c6 7. a5 Nbd7 8. Bf4
Nh5 9. Be3 f5 10. Qc1 e5 11. dxe5 Nxe5 12. Nxe5 Bxe5 13. Bc5 Re8 14. e3 Qf6 15.
c3 Qg7 16. Nd2 g5 17. Re1 Bd7 18. Nf3 Bf6 19. Qd1 g4 20. Nd4 Be5 21. Qb3 Be6
22. Ra4 Qc7 23. Rea1 Nf6 24. Rb4 Nd7 25. Nxe6 Rxe6 26. Bd4 Bxd4 27. cxd4 Rb8
28. Rc1 Nf6 29. Bxd5 Nxd5 30. Qxd5 Qxg3+ 31. hxg3 cxd5 32. Rc7 Ra6 33. Rb5 b6
34. b4 Rd8 35. Rc6 Rd7 36. Kg2 Kg7 37. Re6 Kf7 38. Rh6 Kg7 39. Rc6 Kf7 40. axb6
Rxb6 41. Rbxb6 axb6 42. Rxb6 Ke7 43. Rh6 Rd8 44. Rxh7+ Ke6 45. Rh6+ Ke7 46. b5
Rf8 47. Kf1 Kd7 48. Ke2 Kc7 49. Kd3 Rb8 50. Rc6+ Kd7 51. Rf6 Rxb5 52. Rxf5 Ke6
53. Re5+ Kf6 54. Ke2 Rb2+ 55. Kf1 Rb5 56. Kg2 Ra5 57. e4 1-0

[Event "Int. Stuttgarter Stadtmeisterschaft A"]
[Site "Ditzingen"]
[Date "2018.05.10"]
[Round "1.11"]
[White "Rohde, Patrick"]
[Black "Kuberczyk, Christoph"]
[Result "1/2-1/2"]
[WhiteElo "1953"]
[BlackElo "2244"]
[PlyCount "65"]
[EventDate "2018.??.??"]
[WhiteTeam "Elmshorner SC"]
[BlackTeam "SV Diag.Harburg"]

1. e4 c5 2. Nf3 d6 3. d4 cxd4 4. Nxd4 Nf6 5. Nc3 g6 6. f3 Bg7 7. Be3 Nc6 8. Qd2
O-O 9. Bc4 Bd7 10. O-O-O Rb8 11. h4 b5 12. Bb3 Na5 13. h5 Nc4 14. Bxc4 bxc4 15.
Nd5 Nxd5 16. exd5 Qb6 17. c3 Qa5 18. Kb1 Rb6 19. hxg6 fxg6 20. Bh6 Bxh6 21.
Qxh6 Rf7 22. Ka1 Qxd5 23. Rh4 Bf5 24. Rdh1 Bd3 25. Rf4 Ra6 26. a3 g5 27. Rxf7
Kxf7 28. f4 Ra5 29. f5 Ke8 30. Qxg5 Bxf5 31. Nxf5 Qxf5 32. Qg8+ Kd7 33. Qxc4
1/2-1/2

[Event "Int. Stuttgarter Stadtmeisterschaft A"]
[Site "Ditzingen"]
[Date "2018.05.10"]
[Round "1.12"]
[White "Dudek, Richard"]
[Black "Partik, Markus"]
[Result "1-0"]
[WhiteElo "2231"]
[BlackElo "1958"]
[PlyCount "97"]
[EventDate "2018.??.??"]
[WhiteTeam "SC Eppingen"]
[BlackTeam "TSV Münchingen"]

1. e4 c5 2. Nc3 Nc6 3. g3 b6 4. Bg2 Bb7 5. d3 g6 6. Be3 Bg7 7. Qd2 d6 8. Nge2
Nf6 9. Bh6 O-O 10. h4 Bxh6 11. Qxh6 Ng4 12. Qd2 e5 13. h5 Nd4 14. f3 Nf6 15.
O-O-O Qd7 16. Qg5 Ne8 17. f4 f6 18. Qh4 Qg7 19. hxg6 hxg6 20. Bh3 Kf7 21. Rdf1
Nxe2+ 22. Nxe2 Ke7 23. fxe5 dxe5 24. Qg4 Bc8 25. Qf3 Bxh3 26. Rxh3 Nc7 27. Rfh1
Rh8 28. Qg4 Ne6 29. Nc3 Rxh3 30. Nd5+ Kd6 31. Qxh3 Rg8 32. a4 Nc7 33. Ne3 Ne6
34. Kb1 Ng5 35. Qg4 Rh8 36. Rf1 Rf8 37. Nd5 Ne6 38. Ne3 Ng5 39. c3 Ne6 40. Qd1
Kc6 41. Qb3 Qd7 42. Qb5+ Kd6 43. Qc4 Nc7 44. d4 exd4 45. cxd4 cxd4 46. Qxd4+
Ke7 47. Qc3 Ke8 48. Rd1 Qe7 49. Qc6+ 1-0

[Event "Int. Stuttgarter Stadtmeisterschaft A"]
[Site "Ditzingen"]
[Date "2018.05.10"]
[Round "1.13"]
[White "Gheng, Dominik"]
[Black "Leutwyler, Martin"]
[Result "0-1"]
[WhiteElo "1939"]
[BlackElo "2193"]
[PlyCount "48"]
[EventDate "2018.??.??"]
[WhiteTeam "Schach-Kids Bernhausen"]
[BlackTeam "SF Gottmadingen"]

1. e4 c6 2. d4 d5 3. exd5 cxd5 4. c4 Nf6 5. Nc3 Nc6 6. Bf4 a6 7. Be5 Be6 8. Nf3
g6 9. Ng5 Bg7 10. Nxe6 fxe6 11. Qb3 O-O 12. cxd5 Nxe5 13. dxe5 Nxd5 14. Bc4 b5
15. Bxd5 exd5 16. Nxd5 Qa5+ 17. Nb4+ Kh8 18. O-O Bxe5 19. Rfe1 Bd4 20. Nd3 Qd2
21. Rxe7 Bxf2+ 22. Kh1 Bh4 23. Re4 Rac8 24. g3 Rc2 0-1

[Event "Int. Stuttgarter Stadtmeisterschaft A"]
[Site "Ditzingen"]
[Date "2018.05.10"]
[Round "1.14"]
[White "Latzke, Boris"]
[Black "Schönhof, Timo"]
[Result "1/2-1/2"]
[WhiteElo "2217"]
[BlackElo "1948"]
[PlyCount "99"]
[EventDate "2018.??.??"]
[WhiteTeam "SK Bebenhausen"]
[BlackTeam "SK Engen"]

1. d4 Nf6 2. c4 e6 3. Nf3 Bb4+ 4. Nbd2 c5 5. a3 Bxd2+ 6. Bxd2 b6 7. Bf4 d5 8.
e3 O-O 9. cxd5 Nxd5 10. Bg5 f6 11. Bh4 cxd4 12. Qxd4 Nc6 13. Qa4 Bd7 14. Bb5
Rc8 15. O-O Nb8 16. Rfd1 Bxb5 17. Qxb5 Qe8 18. Qd3 Nc7 19. Nd4 Nc6 20. Nxc6
Qxc6 21. Rac1 Qe8 22. Qe4 Nd5 23. Bg3 Qd7 24. h3 Rxc1 25. Rxc1 Rc8 26. Rd1 Qc6
27. Qd4 Qc2 28. Kh2 Rc4 29. Qd3 Qxd3 30. Rxd3 Kf7 31. f3 Ke8 32. e4 Ne7 33. Rd2
e5 34. Bf2 Rc7 35. Be3 Rc4 36. Kg1 Rc1+ 37. Kf2 Rc4 38. Ke2 Nc8 39. Kd1 Rc7 40.
Ke2 Rc4 41. Kd3 Rc7 42. b3 Rd7+ 43. Kc3 Rxd2 44. Bxd2 Kd7 45. a4 Kc6 46. Bc1 a6
47. Ba3 Nd6 48. Kd3 Kd7 49. Bb4 Kc6 50. Ba3 1/2-1/2

[Event "Int. Stuttgarter Stadtmeisterschaft A"]
[Site "Ditzingen"]
[Date "2018.05.10"]
[Round "1.15"]
[White "Lehmann, Stefan"]
[Black "Denisow, Jewgeny"]
[Result "1-0"]
[WhiteElo "1922"]
[BlackElo "2204"]
[PlyCount "79"]
[EventDate "2018.??.??"]
[WhiteTeam "Ssg Fils-Lauter"]
[BlackTeam "SG Schwäbisch Gmünd"]

1. e4 c5 2. Nc3 d6 3. d4 cxd4 4. Qxd4 a6 5. Bg5 h6 6. Be3 Nc6 7. Qd2 Nf6 8. f3
g6 9. Nge2 Bg7 10. O-O-O Bd7 11. g4 b5 12. Nf4 Ne5 13. Qf2 Nxf3 14. Nfd5 Ne5
15. Bb6 Nfxg4 16. Qh4 g5 17. Qe1 Qb8 18. Nc7+ Kf8 19. Nxa8 Qxa8 20. h4 Nf3 21.
Qg3 Nxh4 22. Nd5 Be5 23. Qa3 e6 24. Nc3 Ke7 25. Bh3 Qc6 26. Qxa6 Nf2 27. Nd5+
exd5 28. exd5 Qa8 29. Qxa8 Rxa8 30. Bxf2 Nf5 31. a3 b4 32. axb4 Ra1+ 33. Kd2
Ra4 34. c3 Ra2 35. Kc2 Ra8 36. Ra1 Rc8 37. Ra7 g4 38. Bxg4 Rg8 39. Bxf5 Rg2 40.
Rf1 1-0

[Event "Int. Stuttgarter Stadtmeisterschaft A"]
[Site "Ditzingen"]
[Date "2018.05.10"]
[Round "1.16"]
[White "Tran, Thanh Kien"]
[Black "Shourya Jain"]
[Result "1/2-1/2"]
[WhiteElo "2194"]
[BlackElo "1931"]
[PlyCount "50"]
[EventDate "2018.??.??"]
[WhiteTeam "SC Böblingen"]

1. d4 d5 2. c4 e6 3. Nc3 f5 4. Nf3 Nf6 5. g3 c6 6. Bg2 Bd6 7. O-O O-O 8. Qc2
Ne4 9. Rb1 Nd7 10. b4 b5 11. cxb5 Nxc3 12. Qxc3 cxb5 13. Bg5 Qb6 14. Rfc1 Bb7
15. Qe3 Rfe8 16. Bf4 a5 17. Ne5 Nxe5 18. Bxe5 axb4 19. Qf4 Bxe5 20. Qxe5 Rac8
21. Rxc8 Rxc8 22. Rxb4 Rc1+ 23. Bf1 Bc8 24. Qe3 Qc6 25. Qb3 Bd7 1/2-1/2

[Event "Int. Stuttgarter Stadtmeisterschaft A"]
[Site "Ditzingen"]
[Date "2018.05.10"]
[Round "1.17"]
[White "Lohvinov, Petro"]
[Black "Degenhard, Simon"]
[Result "0-1"]
[WhiteElo "1879"]
[BlackElo "2189"]
[PlyCount "130"]
[EventDate "2018.??.??"]
[WhiteTeam "SK München Südost"]
[BlackTeam "Heilbronner SV"]

1. e4 c5 2. Nf3 e6 3. c3 d5 4. exd5 exd5 5. d4 a6 6. Bd3 c4 7. Bc2 Bd6 8. O-O
Bg4 9. b3 cxb3 10. axb3 Ne7 11. Re1 Nbc6 12. Nbd2 Rc8 13. Bd3 Qd7 14. Nf1 h6
15. Ne3 Be6 16. Bb2 Bb8 17. Ba3 O-O 18. c4 Rfe8 19. Rc1 Rcd8 20. Bc5 Bc7 21.
Qc2 Ba5 22. Red1 Nb4 23. Bxb4 Bxb4 24. Ne5 Qc7 25. Nf5 Nxf5 26. Bxf5 Qe7 27. c5
Rc8 28. Bd3 Qf6 29. Qb2 Bf5 30. c6 bxc6 31. Bxf5 Qxf5 32. Nxc6 Bd6 33. g3 Rc7
34. Qa2 Rec8 35. Qxa6 Qd7 36. Ne5 Bxe5 37. Rxc7 Bxc7 38. Rc1 Rd8 39. Qa7 Bd6
40. Qa5 Bf8 41. Rc7 Qd6 42. Qa7 Qe6 43. Kg2 Rc8 44. Rxc8 Qxc8 45. Qb6 Qe6 46.
Qa7 Qe4+ 47. Kg1 Qb1+ 48. Kg2 Qxb3 49. h4 Qd3 50. Qb6 Qe4+ 51. Kg1 Qe6 52. Qb7
g6 53. Kg2 Bg7 54. Kf1 Qf5 55. Qb8+ Kh7 56. Qa7 Qf3 57. Kg1 h5 58. Kf1 Qh1+ 59.
Ke2 Qe4+ 60. Kf1 Qxd4 61. Qxf7 Qd1+ 62. Kg2 d4 63. f4 Qe2+ 64. Kg1 Qe3+ 65. Kg2
d3 0-1

[Event "Int. Stuttgarter Stadtmeisterschaft A"]
[Site "Ditzingen"]
[Date "2018.05.10"]
[Round "1.18"]
[White "Maisch, Julian"]
[Black "Froehlich, Franziska"]
[Result "1-0"]
[WhiteElo "2184"]
[BlackElo "1807"]
[PlyCount "65"]
[EventDate "2018.??.??"]
[WhiteTeam "SF Kornwestheim"]
[BlackTeam "SC Weiße Dame Ulm"]

1. e4 e6 2. d3 d5 3. Qe2 Ne7 4. g3 c5 5. Bg2 Nbc6 6. Nf3 g6 7. O-O Bg7 8. e5
O-O 9. h4 Nf5 10. c3 h6 11. Re1 b5 12. Nbd2 Bd7 13. a4 bxa4 14. Nf1 Na5 15. Bf4
Rb8 16. Ne3 Nxe3 17. Qxe3 Kh7 18. Nh2 Rxb2 19. Ng4 Nb3 20. Bxh6 Rh8 21. Bg5 Qf8
22. Rad1 Kg8 23. Bf6 d4 24. cxd4 Nxd4 25. h5 Nf5 26. Qc1 Rb4 27. Be4 Rxh5 28.
Bxg7 Kxg7 29. Nf6 Qh8 30. Nxh5+ Qxh5 31. Qxc5 Rb2 32. Rb1 Rd2 33. Rb7 1-0

[Event "Int. Stuttgarter Stadtmeisterschaft A"]
[Site "Ditzingen"]
[Date "2018.05.10"]
[Round "1.19"]
[White "Wezel, Sebastian"]
[Black "Cofmann, Veaceslav"]
[Result "0-1"]
[WhiteElo "1867"]
[BlackElo "2183"]
[PlyCount "62"]
[EventDate "2018.??.??"]
[WhiteTeam "SV Dettingen Erms"]
[BlackTeam "Karlsruher SF"]

1. e4 e6 2. d4 d5 3. Nc3 Nf6 4. e5 Nfd7 5. f4 c5 6. Nf3 Nc6 7. Be3 a6 8. Qd2 b5
9. dxc5 Bxc5 10. Bd3 Qb6 11. Bf2 Bb7 12. O-O Ne7 13. a3 Bxf2+ 14. Qxf2 Rc8 15.
Ne2 Nc5 16. b3 h5 17. Rfc1 Qd8 18. Ned4 g6 19. Ng5 Qd7 20. Rd1 Kf8 21. Qh4 Kg7
22. b4 Nxd3 23. Rxd3 Nf5 24. Ngxe6+ fxe6 25. Qf6+ Kh7 26. Nxe6 Rc6 27. Nf8+
Rxf8 28. Qxf8 Rxc2 29. Rh3 d4 30. g4 Rg2+ 31. Kf1 Rxg4 0-1

[Event "Int. Stuttgarter Stadtmeisterschaft A"]
[Site "Ditzingen"]
[Date "2018.05.10"]
[Round "1.20"]
[White "Migl, Dieter"]
[Black "Zitzelsberger, Philipp"]
[Result "1-0"]
[WhiteElo "2170"]
[BlackElo "1912"]
[PlyCount "55"]
[EventDate "2018.??.??"]
[WhiteTeam "Stuttgarter SF"]
[BlackTeam "SC Weiße Dame Ulm e.V."]

1. e4 c5 2. Nc3 a6 3. f4 b5 4. d4 cxd4 5. Qxd4 Nc6 6. Qf2 e6 7. Nf3 Nge7 8. Bd3
d5 9. O-O Nb4 10. a3 Nxd3 11. cxd3 Bb7 12. f5 exf5 13. exf5 Qd6 14. Nd4 Nc6 15.
Bf4 Qd7 16. Rae1+ Be7 17. f6 gxf6 18. Nxc6 Qxc6 19. Qg3 O-O-O 20. Rxe7 Qc5+ 21.
Re3 f5 22. d4 Qxd4 23. Ne2 Qb6 24. Rc1+ Kd7 25. Rc7+ Qxc7 26. Bxc7 Rdg8 27.
Qd6+ Kc8 28. Bb6 1-0

[Event "Int. Stuttgarter Stadtmeisterschaft A"]
[Site "Ditzingen"]
[Date "2018.05.10"]
[Round "1.21"]
[White "Afonso, Nils"]
[Black "Meier, Desiderius"]
[Result "1/2-1/2"]
[WhiteElo "1911"]
[BlackElo "2013"]
[PlyCount "104"]
[EventDate "2018.??.??"]
[WhiteTeam "SF Kornwestheim"]
[BlackTeam "SK Gräfelfing"]

1. d4 Nf6 2. c4 e6 3. Nc3 Bb4 4. Qc2 O-O 5. Nf3 b6 6. e4 Bxc3+ 7. bxc3 d6 8.
Bd3 h6 9. O-O Nc6 10. h3 e5 11. Be3 Qe7 12. a3 Ba6 13. Nd2 Rfe8 14. f4 Na5 15.
fxe5 dxe5 16. Rf3 Nd7 17. Raf1 f6 18. Rg3 Kh8 19. Qd1 Nf8 20. Qh5 Rad8 21. Be2
Nh7 22. d5 Qxa3 23. Nf3 Bxc4 24. Bxc4 Nxc4 25. Nh4 Nxe3 26. Rxe3 Qc5 27. Nf5
Rg8 28. Qf3 Ng5 29. Qh5 Nh7 30. Qg6 Nf8 31. Qh5 c6 32. d6 Rxd6 33. Nxd6 Qxe3+
34. Kh1 Kh7 35. Qf7 Qg5 36. Ne8 Kh8 37. Qxa7 Ne6 38. Nd6 Qg6 39. Qxb6 Nf4 40.
Rf2 Qg3 41. Nf5 Qd3 42. Qxc6 Qd1+ 43. Kh2 Ne2 44. Rxe2 Qxe2 45. Ne7 Rd8 46. Qc7
Qd2 47. Ng6+ Kg8 48. Ne7+ Kh7 49. Nd5 Rxd5 50. exd5 Qxd5 51. c4 Qd4 52. c5 e4
1/2-1/2

[Event "Int. Stuttgarter Stadtmeisterschaft A"]
[Site "Ditzingen"]
[Date "2018.05.10"]
[Round "1.22"]
[White "Gustain, Marc"]
[Black "Dreyer, Andre"]
[Result "1/2-1/2"]
[WhiteElo "2152"]
[BlackElo "1905"]
[PlyCount "28"]
[EventDate "2018.??.??"]
[WhiteTeam "SF Deizisau"]
[BlackTeam "SV Stockenhausen-Frommern"]

1. e4 d5 2. exd5 Nf6 3. Bb5+ Bd7 4. Be2 Nxd5 5. d4 Bf5 6. Nf3 e6 7. a3 Be7 8.
c4 Nb6 9. Nc3 Nc6 10. Be3 Bf6 11. h3 Qd7 12. Qd2 Na5 13. O-O Nb3 14. Qd1 Nxa1
1/2-1/2

[Event "Int. Stuttgarter Stadtmeisterschaft A"]
[Site "Ditzingen"]
[Date "2018.05.10"]
[Round "1.23"]
[White "Lahouel, Kim-Luca"]
[Black "Klings, Peter"]
[Result "1/2-1/2"]
[WhiteElo "1736"]
[BlackElo "2142"]
[PlyCount "108"]
[EventDate "2018.??.??"]
[WhiteTeam "Heilbronner SV"]
[BlackTeam "Freibauer Mörlenbach"]

1. e4 g6 2. d4 Bg7 3. Nf3 d6 4. Nc3 a6 5. a4 Nf6 6. Bc4 O-O 7. Bb3 Bg4 8. h3
Bxf3 9. Qxf3 Nc6 10. Be3 e5 11. d5 Nd4 12. Qd1 Nd7 13. Ba2 f5 14. f3 Qh4+ 15.
Bf2 Qf4 16. Bc4 Nf6 17. Bd3 fxe4 18. Nxe4 Nxe4 19. Bxe4 Nf5 20. Qd2 Bh6 21.
Qxf4 Bxf4 22. Ra3 Bg3 23. Rb3 Bxf2+ 24. Kxf2 Rab8 25. h4 h5 26. g3 Kg7 27. Rd1
Nd4 28. Rb4 a5 29. Rc4 Rf7 30. b4 axb4 31. Rxb4 Rbf8 32. Rd3 b6 33. Rc3 Ra8 34.
Rbc4 Ra7 35. Kg2 Ne2 36. Rd3 Ra5 37. Rd2 Nd4 38. f4 Nf5 39. Rd3 exf4 40. Bxf5
Rxf5 41. Rxc7+ Kf6 42. Rd7 Rfxd5 43. Rxd6+ Rxd6 44. Rxd6+ Kf5 45. Rxb6 Rxa4 46.
Rb5+ Ke4 47. gxf4 Rc4 48. Rg5 Rxc2+ 49. Kg3 Rc3+ 50. Kg2 Rc6 51. Kg3 Ra6 52.
Re5+ Kd4 53. Re7 Ra3+ 54. Kg2 Ra2+ 1/2-1/2

[Event "Int. Stuttgarter Stadtmeisterschaft A"]
[Site "Ditzingen"]
[Date "2018.05.10"]
[Round "1.24"]
[White "Reck, Moritz"]
[Black "Viehoff, Jürgen"]
[Result "0-1"]
[WhiteElo "2134"]
[BlackElo "1897"]
[PlyCount "112"]
[EventDate "2018.??.??"]
[WhiteTeam "TSV Schönaich"]
[BlackTeam "SC Stetten a.d.F."]

1. e4 c6 2. Nc3 d5 3. g3 e5 4. Qh5 Qd6 5. Nf3 Nd7 6. Bh3 Ndf6 7. Qh4 Bxh3 8.
Qxh3 d4 9. Ne2 Qd7 10. Qg2 Bd6 11. O-O Ne7 12. d3 O-O 13. Kh1 c5 14. Nd2 b5 15.
b3 Nc6 16. a3 a5 17. h3 a4 18. f4 axb3 19. cxb3 Nb4 20. fxe5 Nc2 21. exf6 Nxa1
22. fxg7 Rfe8 23. Nf4 Bxf4 24. gxf4 Nc2 25. Nf3 Ne3 26. Bxe3 dxe3 27. Ne5 Rxe5
28. fxe5 Qxd3 29. Qf3 Qxb3 30. Rd1 Re8 31. Re1 Qxa3 32. Rxe3 Qa1+ 33. Kg2 Qxe5
34. Kf2 Qh2+ 35. Ke1 Ra8 36. Ra3 Rxa3 37. Qxa3 Qg1+ 38. Ke2 Qg2+ 39. Kd1 Qf1+
40. Kd2 Qf2+ 41. Kd1 Qd4+ 42. Kc1 Qxe4 43. Qxc5 Qc4+ 44. Qxc4 bxc4 45. Kc2 Kxg7
46. Kc3 Kf6 47. Kxc4 Ke5 48. Kd3 Kf4 49. h4 h5 50. Ke2 Kg3 51. Ke3 Kxh4 52. Kf4
f6 53. Kf3 Kg5 54. Kg3 f5 55. Kf3 h4 56. Kf2 Kf4 0-1

[Event "Int. Stuttgarter Stadtmeisterschaft A"]
[Site "Ditzingen"]
[Date "2018.05.10"]
[Round "1.25"]
[White "Issaad, Pascal"]
[Black "Jerie, Sven"]
[Result "1/2-1/2"]
[WhiteElo "1893"]
[BlackElo "2078"]
[PlyCount "108"]
[EventDate "2018.??.??"]
[WhiteTeam "SV Stuttgart-Wolfbusch"]
[BlackTeam "SG Ludwigsburg"]

1. d3 d5 2. f4 d4 3. Nf3 c5 4. g3 Nc6 5. Bg2 Nf6 6. O-O g6 7. c3 Bg7 8. Qe1 O-O
9. a4 Nd5 10. Bd2 Rb8 11. Na3 a6 12. Rc1 e6 13. Nc4 b5 14. axb5 axb5 15. Nce5
Nxe5 16. fxe5 Ne3 17. Bxe3 dxe3 18. b4 cxb4 19. cxb4 Bb7 20. Rc5 Bd5 21. Qc3 f6
22. Rc1 fxe5 23. Rc7 Rb7 24. Rxb7 Bxb7 25. Qc5 e4 26. dxe4 Bxe4 27. Qxb5 Qd6
28. Qc5 Qd5 29. Qxd5 exd5 30. Ne1 Bxg2 31. Nxg2 Rb8 32. Rb1 Bd4 33. Nf4 Rb5 34.
Kg2 g5 35. Ne6 Bf6 36. Kf3 d4 37. Nc7 Rb7 38. Nd5 Bg7 39. b5 Kf7 40. Ke4 Ke6
41. Rb3 Rd7 42. Nb4 Kd6 43. Nd3 Rb7 44. Kf5 Bh6 45. b6 Kc6 46. Ne5+ Kd6 47. Ng4
Bg7 48. Kxg5 Kc6 49. h4 Rxb6 50. Rxb6+ Kxb6 51. Nh2 d3 52. exd3 e2 53. Nf3 Bc3
54. Kh6 e1=Q 1/2-1/2